| 000 | 00732cam a22002054a 4500 | ||
|---|---|---|---|
| 005 | 20250605165222.0 | ||
| 008 | 250528s ||||||||||||||||||||||||d | ||
| 035 | _a21571 | ||
| 020 | _a9799607860254 | ||
| 040 |
_aGR-AtMCL _bgre _dGR-AtMCL _eAACR2 |
||
| 245 | 1 | _aΣΤΡΑΤΗΓΙΚΟΣ ΕΠΙΧΕΙΡΗΜΑΤΙΚΟΣ ΣΧΕΔΙΑΣΜΟΣ / Πως να πραγματοποιήσετε την ανάπτυξη της επιχείρησής σας | |
| 250 | _a1 | ||
| 260 |
_bΠροπομπος, _c2003 |
||
| 300 | _a210 | ||
| 520 | _aΜε υπόδειγμα Επιχειρησιακού σχεδίου | ||
| 700 | 1 |
_aΘεοδωροπουλος Ανδρεας _93878 |
|
| 942 | _cBK | ||
| 999 |
_c6632 _d6632 |
||